| 000 | 00362nam a2200133Ia 4500 | ||
|---|---|---|---|
| 008 | 240624s9999 xx 000 0 und d | ||
| 041 | _aeng | ||
| 082 | _a658.8 TAM | ||
| 100 | _aTAMBUNAN TULUS TAHI HAMONANGAN | ||
| 245 | _aSMES IN ASIAN DEVELOPING COUNTRIES | ||
| 260 |
_c2009 _aLondon _bPalgrave Macmillan |
||
| 300 | _axix, 263 p.; 23 cm. | ||
| 365 |
_cBPS _b31 |
||
| 999 |
_c30137 _d30137 |
||